Sistema de Gestión de la Seguridad y Salud en el Trabajo (Registro nro. 169940)
[ vista simple ]
| 000 -LEADER | |
|---|---|
| fixed length control field | 02257nam a22002777a 4500 |
| 007 - PHYSICAL DESCRIPTION FIXED FIELD--GENERAL INFORMATION | |
| fixed length control field | cr|||| |||| |
| 008 - FIXED-LENGTH DATA ELEMENTS--GENERAL INFORMATION | |
| fixed length control field | 210517s2020 co |||||s|||| 00||0 spa d |
| 020 ## - INTERNATIONAL STANDARD BOOK NUMBER | |
| International Standard Book Number | 978-958-792-193-9 |
| 035 ## - | |
| -- | 33451 |
| 040 ## - CATALOGING SOURCE | |
| Original cataloging agency | vLex |
| 090 ## - | |
| -- | 11704 |
| -- | 11704 |
| 100 1# - MAIN ENTRY--PERSONAL NAME | |
| Personal name | Cifuentes Olarte, Arnulfo |
| 245 10 - TITLE STATEMENT | |
| Title | Sistema de Gestión de la Seguridad y Salud en el Trabajo |
| Medium | [Recurso electrónico] / |
| Statement of responsibility, etc | Arnulfo Cifuentes Olarte, Olga Lorena Cifuentes Giraldo, Carlos Arturo Ceballos |
| 256 ## - | |
| -- | Servicio en línea |
| 260 ## - PUBLICATION, DISTRIBUTION, ETC. (IMPRINT) | |
| Place of publication, distribution, etc | Bogotá: |
| Name of publisher, distributor, etc | Ediciones de la U, |
| Date of publication, distribution, etc | 2020 |
| 300 ## - PHYSICAL DESCRIPTION | |
| Extent | 1 recurso electrónico |
| 500 ## - GENERAL NOTE | |
| General note | Lineamientos jurídicos y técnicos para el diseño e implementación del SGSST con los Estándares Mínimos. Guías metodológicas del MinTrabajo. El 1 de junio de 2017 comenzó a regir para todas las empresas públicas y privadas establecidas en el país, definitivamente, después de varios plazos fijados desde el año 2014, el Sistema de Gestión de la Seguridad y la Salud en Trabajo-SGSST-, en reemplazo del Programa de Salud Ocupacional ?PSO-, de acuerdo con las definiciones del artículo 1 de la Ley 1562 de 2012: ?Programa de Salud Ocupacional: en lo sucesivo se entenderá como el Sistema de Gestión de la Seguridad y Salud en el Trabajo SG-SST. Este sistema consiste en el desarrollo de un proceso lógico y por etapas, basado en la mejora continua y que incluye la política, la organización, la planificación, la aplicación, la evaluación, la auditoría y las acciones de mejora con el objetivo de anticipar, reconocer, evaluar y controlar los riesgos que puedan afectar la seguridad y salud en el trabajo?. |
| 506 1# - RESTRICTIONS ON ACCESS NOTE | |
| Terms governing access | Disponible solo en los productos indicados |
| Authorized users | vLex Global |
| -- | vLex Global (Academic Edition, excluding Law Schools) |
| -- | vLex Global (U.S. Academic Edition, Law Schools) |
| -- | vLex Global (U.S. Academic Edition, excluding Law Schools) |
| -- | vLex Global (Academic Edition, Law Schools) |
| 650 04 - SUBJECT ADDED ENTRY--TOPICAL TERM | |
| Topical term or geographic name as entry element | Seguridad y Salud Laboral |
| Geographic subdivision | Colombia |
| 700 1# - ADDED ENTRY--PERSONAL NAME | |
| Personal name | Cifuentes Giraldo, Olga Lorena |
| 700 1# - ADDED ENTRY--PERSONAL NAME | |
| Personal name | Ceballos, Carlos Arturo |
| 740 0# - | |
| -- | vLex Libros (Servicio en línea) |
| 856 40 - LOCALIZACIÓN Y ACCESO ELECTRÓNICO | |
| Identificador Uniforme del Recurso (URI/URL) | https://vlex.com/source/sistema-de-gestion-de-la-seguridad-y-salud-en-el-trabajo-33451 |
| 942 ## - | |
| -- | RAA |
| 999 ## - | |
| -- | 169940 |
| -- | 169940 |
No hay ítems disponibles.